Library Banner

چہرے اور مہرے (Record no. 70930)

MARC details
000 -LEADER
fixed length control field 00438nam a22001577a 4500
005 - DATE AND TIME OF LATEST TRANSACTION
control field 20150507160704.0
008 - FIXED-LENGTH DATA ELEMENTS--GENERAL INFORMATION
fixed length control field 150507b xxu||||| |||| 00| 0 eng d
020 ## - INTERNATIONAL STANDARD BOOK NUMBER
International Standard Book Number 9789694964173
040 ## - CATALOGING SOURCE
Transcribing agency PK-LaUMT
082 ## - DEWEY DECIMAL CLASSIFICATION NUMBER
Classification number KHC 954.9205
Item number MAS-C
100 ## - MAIN ENTRY--PERSONAL NAME
Personal name مسعودمفتی
245 ## - TITLE STATEMENT
Title چہرے اور مہرے
Statement of responsibility, etc مسعودمفتی
260 ## - PUBLICATION, DISTRIBUTION, ETC. (IMPRINT)
Place of publication, distribution, etc اسلام آباد
Name of publisher, distributor, etc دوست پبلی کیشنز
Date of publication, distribution, etc 2011
300 ## - PHYSICAL DESCRIPTION
Extent 248 ص
942 ## - ADDED ENTRY ELEMENTS (KOHA)
Koha item type Books
Holdings
Withdrawn status Lost status Damaged status Home library Current library Date acquired Full call number Barcode Date last seen Price effective from Koha item type
      UMT Main Campus UMT Main Campus 2015-05-07 KHC 954.9205 MAS-C 72468 2015-05-07 2015-05-07 Books